000 00754nam a2200217Ia 4500
001 5279
003 GE_BSU
008 181216s||||||||xx |||||||||||||| ||und||
040 _cGE_BSU
080 _a510(076)
100 _aГуткин,Л.И.
245 _aСборник задач по математике с практическим содержанием для техникумов
245 _bУчебное пособие для строительных техникумов
260 _aМосква
260 _bВысш. школа,
260 _c1968.
300 _a111с 20 см.
653 _aдля строительных техникумо
653 _aСборник задач по математике;
942 _cBK
999 _c38866
_d38866